00605cam a22001933a 450000100060000000300060000600500170001200800410002904000150007004200070008510000190009224501320011126000290024350600300027251600200030270000180032283000290034085600420036945583PGUSA20140828084044.0140504s2014||||xxu|||||s|||||000 | eng d aPGUSAbeng adc1 aBurrows, C. W.10aScapa and a Camera :bPictorial Impressions of Five Years Spent at the Grand Fleet Baseh[electronic resource] /cC. W. Burrows bProject Gutenberg,c2014 aPublic domain in the USA. aElectronic text1 aMiller, F. S. 0aProject Gutenbergv4558340uhttp://www.gutenberg.org/ebooks/45583